Weezer Songs by Picture - Statistics

General Stats
  • This quiz has been taken 312 times
  • The average score is 12 of 16
Answer Stats
Picture Hint Answer % Correct
Blue Album Buddy Holly
98%
Blue Album Undone - The Sweater Song
90%
Pinkerton Butterfly
89%
Pinkerton Pink Triangle
89%
Green Album Crab
86%
Green Album Hash Pipe
82%
Green Album Island in the Sun
82%
Blue Album Surf Wax America
79%
Red Album Pork and Beans
78%
Everything Will Be Alright In The End Cleopatra
74%
Death To False Metal Trampoline
73%
Blue Album My Name Is Jonas
70%
Make Believe Beverly Hills
68%
Maladroit Dope Nose
47%
OK Human Aloo Gobi
40%
Raditude Tripping Down The Freeway
34%
No matching quizzes found
Score Distribution
Percent of People with Each Score
Percentile by Number Answered
Your Score History
You have not taken this quiz